000 00301nam a22001337a 4500
008 181226b xxu||||| |||| 00| 0 eng d
020 _a689253595770
041 _aeng
080 _a004
100 _a39
101 _aSHK
245 _aBeginning As.njet. Data Bases
_cDamien.F
942 _2udc
_cBK
999 _c53798
_d53798